| 000 | 00415nam a22001697a 4500 | ||
|---|---|---|---|
| 003 | OSt | ||
| 008 | 250115b |||||||| |||| 00| 0 eng d | ||
| 020 | _a81-204-0112-3 | ||
| 041 | _aeng | ||
| 082 |
_a633.08 _bMOR/CR |
||
| 100 |
_aMorachan, YB _96936 |
||
| 245 | _aCrop Production and Management | ||
| 250 | _a2nd | ||
| 260 |
_aNew Delhi: _bOxford & IBH Publishing Co, _c1986. |
||
| 300 | _a294pages. | ||
| 942 | _cBK | ||
| 999 |
_c19028 _d19028 |
||